Educación y trabajo (Registro nro. 4015)
[ vista simple ]
| 000 -LEADER | |
|---|---|
| fixed length control field | 01363 a2200241 4500 |
| 001 - CONTROL NUMBER | |
| control field | 45833 |
| 005 - DATE AND TIME OF LATEST TRANSACTION | |
| control field | 20260407155730.0 |
| 008 - FIXED-LENGTH DATA ELEMENTS--GENERAL INFORMATION | |
| fixed length control field | 260407a1992 arg spa d |
| 003 - CONTROL NUMBER IDENTIFIER | |
| control field | AR-UNSa-BCEJYS |
| 040 ## - CATALOGING SOURCE | |
| Original cataloging agency | AR-UNSa-BCEJYS |
| Language of cataloging | spa |
| Transcribing agency | AR-UNSa-BCEJYS |
| 080 ## - UNIVERSAL DECIMAL CLASSIFICATION NUMBER | |
| Universal Decimal Classification number | 37:331.5 |
| Common auxiliary subdivision | Educación y Trabajo |
| 041 ## - LANGUAGE CODE | |
| Language code of text/sound track or separate title | spa |
| 100 1# - MAIN ENTRY--PERSONAL NAME | |
| Personal name | Red Latinoamericana de Educación y Trabajo CIID-CENEP |
| 245 10 - TITLE STATEMENT | |
| Title | Educación y trabajo |
| Name of part/section of a work | desafíos y perspectivas de investigación y política para la década de los noventa |
| 264 #1 - PRODUCTION, PUBLICATION, DISTRIBUTION, MANUFACTURE, AND COPYRIGHT NOTICE | |
| Place of production, publication, distribution, manufacture | Buenos Aires : |
| Name of producer, publisher, distributor, manufacturer | Red Latinoamericana de Educación y Trabajo CIID-CENEP |
| Date of production, publication, distribution, manufacture, or copyright notice | 1992 |
| 300 ## - PHYSICAL DESCRIPTION | |
| Extent | 2 v. (216, 219-450 p.) |
| Dimensions | 23 cm. |
| 505 ## - FORMATTED CONTENTS NOTE | |
| Formatted contents note | Primera Parte: La educación y el mercado de trabajo en un contexto cambiante – Segunda Parte: Cambio tecnológico, cambio en las calificaciones, educación y capacitación – Tercera Parte: La educación media y técnica ante el desafío actual – Cuarta Parte: La perspectiva de la educación superior – Quinta Parte: Los grupos objetivos críticos en América Latina - <br/> |
| 590 ## - LOCAL NOTE (RLIN) | |
| Local note | niveau_biblio:m niveau_hierar:0 |
| 700 1# - ADDED ENTRY--PERSONAL NAME | |
| Personal name | Gallart, María Antonia |
| 700 1# - ADDED ENTRY--PERSONAL NAME | |
| Personal name | Centro interamericano de investigación y documentación sobre formación profesional (CINTERFOR) |
| 856 41 - ELECTRONIC LOCATION AND ACCESS | |
| Uniform Resource Identifier | <a href="https://www.biblioeco.unsa.edu.ar/pmb/images/libros/L127197.jpg">https://www.biblioeco.unsa.edu.ar/pmb/images/libros/L127197.jpg</a> |
| Link text | Imagen de portada |
| Electronic format type | image/jpeg |
| 942 ## - ADDED ENTRY ELEMENTS (KOHA) | |
| Koha item type | |
| Withdrawn status | Lost status | Damaged status | Not for loan | Home library | Current library | Shelving location | Date acquired | Total checkouts | Full call number | Barcode | Date last seen | Price effective from | Koha item type |
|---|---|---|---|---|---|---|---|---|---|---|---|---|---|
| Biblioteca Prof. Eusebio Cleto del Rey | Biblioteca Prof. Eusebio Cleto del Rey | 07/04/2026 | 37:331.5 G162 v.1 | L127197 | 07/04/2026 | 07/04/2026 | Libro | ||||||
| Biblioteca Prof. Eusebio Cleto del Rey | Biblioteca Prof. Eusebio Cleto del Rey | 07/04/2026 | 37:331.5 G162 v.2 | L127198 | 07/04/2026 | 07/04/2026 | Libro |